Tự động hóa và điều khiển thiết bị điện

Trình bày những khái niệm cơ bản và kiến thức về tự động hoá và điều khiển thiết bị điện: các phần tử trong hệ thống tự động điều khiển thiết bị điện, một số hệ thống điều khiển có tiếp điểm, điều khiển bằng mạch không tie...

وصف كامل

محفوظ في:
التفاصيل البيبلوغرافية
المؤلف الرئيسي: Trần, Văn Thịnh
التنسيق: كتاب
اللغة:Undetermined
منشور في: Hà Nội Giáo dục Việt Nam 2010
الموضوعات:
الوسوم: إضافة وسم
لا توجد وسوم, كن أول من يضع وسما على هذه التسجيلة!
Thư viện lưu trữ: Trung tâm Học liệu Trường Đại học Cần Thơ
LEADER 01294nam a2200217Ia 4500
001 CTU_176866
008 210402s9999 xx 000 0 und d
020 |c 50500 
082 |a 621.3 
082 |b Th312 
100 |a Trần, Văn Thịnh 
245 0 |a Tự động hóa và điều khiển thiết bị điện 
245 0 |c Trần Văn Thịnh, Hà Xuân Hòa, Nguyễn Vũ Thanh 
260 |a Hà Nội 
260 |b Giáo dục Việt Nam 
260 |c 2010 
520 |a Trình bày những khái niệm cơ bản và kiến thức về tự động hoá và điều khiển thiết bị điện: các phần tử trong hệ thống tự động điều khiển thiết bị điện, một số hệ thống điều khiển có tiếp điểm, điều khiển bằng mạch không tiếp điểm, điều khiển động cơ điện theo nguyên tắc tác động liên tục, ổn định nguồn cấp và điều khiển số 
650 |a Electrical engineering,Kỹ thuật điện 
650 |x Equipments and supplies,Thiết bị và vật tư 
904 |i Hải 
980 |a Trung tâm Học liệu Trường Đại học Cần Thơ